| 000 | 00874nam a22002537a 4500 | ||
|---|---|---|---|
| 005 | 20161122103604.0 | ||
| 010 | _aENG-115625-626 ENG-116598 | ||
| 020 |
_a9788180389306 (Set) _c3495.00 |
||
| 020 |
_a9789351437208 (vol 12(1) _c3495.00 |
||
| 020 |
_a9788180389306 (Set) _c3495.00 |
||
| 020 |
_a9789351438205 (vol 12(2) ) _c3495.00 |
||
| 035 | _aEN-99157-158 | ||
| 035 | _aEN-100130 | ||
| 037 | _bDBAD/PUB | ||
| 082 | _a346.54 | ||
| 245 | _aHalsbury's laws of India / | ||
| 250 | _a2nd ed | ||
| 260 |
_aGurgaon _bLexisNexis _c2016 |
||
| 270 |
_a14th Floor, Bldg. No.10, Tower-B, DLF Cyber City, Phase-II _bGurgaon _e122002 |
||
| 300 |
_aV.12(1)-V.12(2) (cxiv,514p.;cxxviii,413p.) Vol-13-Various Pagings _b24cm(Hb) |
||
| 500 | _aIncludes index | ||
| 505 | _aV.12 (1),V.12(2) Criminal Procedure V-13-Election | ||
| 942 |
_2ddc _cEN _mHAL _h346.54 |
||
| 999 |
_c101765 _d101765 |
||